| 000 | 00401nam a2200157Ia 4500 | ||
|---|---|---|---|
| 008 | 221030s9999 xx 000 0 und d | ||
| 020 | _a8131502627 | ||
| 041 | _aEnglish | ||
| 082 | _a105.23 | ||
| 100 | _aE. M. Cooney | ||
| 245 | 0 | _aRFID + The Complete Review of Radio Frequency Identification | |
| 260 |
_bThomson Learning _aBoston _c2007 |
||
| 300 | _a297 | ||
| 650 | _aBE Computer | ||
| 942 | _cBK | ||
| 999 |
_c5721 _d5721 |
||